3D Sonic the Hedgehog Stages - Statistics

General Stats
  • This quiz has been taken 5 times
  • The average score is 100 of 210
Answer Stats
Stage % Correct
Ares Island (2-X)
100%
Chaos Island
100%
Chaos Island (3-X)
100%
Chemical Plant
100%
City Escape
100%
Crisis City
100%
Final Rush
100%
Green Hill
100%
Kingdom Valley
100%
Kronos Island (1-X)
100%
Ouranos Island (4-X)
100%
Planet Wisp
100%
Radical Highway
100%
Rail Canyon
100%
Rooftop Run
100%
Seaside Hill
100%
Sky Sanctuary
100%
Space Colony ARK
100%
Speed Highway
100%
Sweet Mountain
100%
The ARK
100%
Tropical Resort
100%
Twinkle Park
100%
Westopolis
100%
Windy Hill
100%
Windy Valley
100%
Aquatic Base
67%
Aquatic Mine
67%
Asteroid Coaster
67%
BINGO Highway
67%
Bullet Station
67%
Cannon's Core
67%
Casino Park
67%
Casinopolis
67%
Cosmic Wall
67%
Crazy Gadget
67%
Desert Ruins
67%
Dragon Road
67%
Dry Lagoon
67%
Dusty Desert
67%
Egg Fleet
67%
Emerald Coast
67%
End of the World
67%
Final Chase
67%
Final Fortress
67%
Flame Core
67%
Frog Forest
67%
Grand Metropolis
67%
Green Forest
67%
Hang Castle
67%
Hidden Base
67%
Hidden World
67%
Hot Shelter
67%
Icecap
67%
Lava Mountain
67%
Lost Jungle
67%
Lost World
67%
Mystic Mansion
67%
Null Space
67%
Ocean Palace
67%
Power Plant
67%
Prison Lane
67%
Pumpkin Hill
67%
Radical Train
67%
Red Mountain
67%
Rhea Island
67%
Silent Forest
67%
Sky Chase
67%
Sky Deck
67%
Sky Rail
67%
Sky Troops
67%
Sunset Heights
67%
Wave Ocean
67%
White Acropolis
67%
White Jungle
67%
Wild Canyon
67%
Windmill Isle
67%
Abandoned Research Facility
33%
Air Fleet
33%
Aquarium Park
33%
Arid Sands
33%
Arsenal Pyramid
33%
Black Comet
33%
Central City
33%
Cool Edge
33%
Cosmic Fall
33%
Creeper Gorge
33%
Cryptic Castle
33%
Dark Hollow
33%
Death Chamber
33%
Death Egg
33%
Digital Circuit
33%
Dinosaur Jungle
33%
Dragon's Lair
33%
Dream Factory
33%
Eggmanland
33%
Eggman's Facility
33%
Egg Quarters
33%
Ego City
33%
Enemy Territory
33%
Evil Foundry
33%
Faraway Avalon
33%
Final Egg
33%
Final Haunt
33%
Fractured Dreams
33%
Frozen Factory
33%
Game Land
33%
Ghost Town
33%
Glyphic Canyon
33%
GUN Fortress
33%
Imperial Tower
33%
Jungle Joyride
33%
Knight's Passage
33%
Lava Shelter
33%
Legend of Zelda Zone
33%
Levitated Ruin
33%
Lost Prologue
33%
Lost Valley
33%
Lyric's Lair
33%
Lyric's Tomb
33%
Lyric's Weapon Facility
33%
Mad Matrix
33%
Mad Space
33%
Meteor Herd
33%
Metropolitan Highway
33%
Mission Street
33%
Misty Lake
33%
Mortar Canyon
33%
Network Terminal
33%
Nightmare Zone
33%
Night Palace
33%
Prison Island
33%
Pyramid Cave
33%
Red Gate Bridge
33%
Route 101
33%
Route 280
33%
Sand Hill
33%
Sand Oasis
33%
Savannah Citadel
33%
Sea Gate
33%
Security Hall
33%
Sky Road
33%
Space Gadget
33%
Starlight Carnival
33%
Sweet Dreams
33%
Team Attack Amigo
33%
Terminal Velocity
33%
The Doom
33%
The Last Way
33%
The Pit
33%
Tokyo
33%
Tropical Coast
33%
Tropical Jungle
33%
Twinkle Circuit
33%
Undersea Bolt
33%
Virtual Reality
33%
Weapons Bed
33%
Yoshi's Island Zone
33%
Aqua Road
0%
Camelot Castle
0%
Capital City
0%
Casino Forest
0%
Circus Park
0%
Crystal Cave
0%
Death Ruins
0%
Deep Woods
0%
Eternal Engine
0%
Dream Core
0%
Egg Gate
0%
Final Judgement
0%
Great Megalith
0%
Guardian Rock
0%
Iron Fortress
0%
Iron Gate
0%
Iron Jungle
0%
Lethal Highway
0%
Lost Colony
0%
Lost Impact
0%
Luminous Forest
0%
Metal Harbor
0%
Molten Mine
0%
Nightmare Maze
0%
Ocean Purification Plant
0%
Park Avenue
0%
Pirate Storm
0%
Prison Hall
0%
River Rush
0%
Sand Ocean
0%
Scrambled Shores
0%
Shrouded Forest
0%
Skeleton Dome
0%
Sky Citadel
0%
Skyscraper Scamper
0%
Slowpoke Isle
0%
Spaceport
0%
The Cauldron
0%
Titanic Plain
0%
No matching quizzes found
Score Distribution
Percent of People with Each Score
Percentile by Number Answered
Your Score History
You have not taken this quiz